<?xml version="1.0" encoding="UTF-8"?>
<record
    xmlns:xsi="http://www.w3.org/2001/XMLSchema-instance"
    xsi:schemaLocation="http://www.loc.gov/MARC21/slim http://www.loc.gov/standards/marcxml/schema/MARC21slim.xsd"
    xmlns="http://www.loc.gov/MARC21/slim">

  <leader>01167nam a2200265Ia 4500</leader>
  <controlfield tag="003">OSt</controlfield>
  <controlfield tag="005">20250211154208.0</controlfield>
  <controlfield tag="008">200812s9999    xx            000 0 und d</controlfield>
  <datafield tag="020" ind1=" " ind2=" ">
    <subfield code="a">7532513696 </subfield>
  </datafield>
  <datafield tag="020" ind1=" " ind2=" ">
    <subfield code="a">9787532513697</subfield>
  </datafield>
  <datafield tag="040" ind1=" " ind2=" ">
    <subfield code="c">0</subfield>
  </datafield>
  <datafield tag="041" ind1=" " ind2=" ">
    <subfield code="a">chi</subfield>
    <subfield code="h">eng</subfield>
  </datafield>
  <datafield tag="050" ind1=" " ind2=" ">
    <subfield code="a">BL1802</subfield>
    <subfield code="b">.O912 1993&#xA0;</subfield>
  </datafield>
  <datafield tag="100" ind1=" " ind2=" ">
    <subfield code="a">Overmyer, Daniel L.</subfield>
  </datafield>
  <datafield tag="245" ind1=" " ind2=" ">
    <subfield code="a">&#x4E2D;&#x56FD;&#x6C11;&#x95F4;&#x5B97;&#x6559;&#x6559;&#x6D3E;&#x7814;&#x7A76;:</subfield>
    <subfield code="b">&#xA0;= China Folk Buddhist religion /</subfield>
    <subfield code="c">&#x6B27;&#x5927;&#x5E74; (Daniel L. Overmyer) &#x8457;; &#x5218;&#x5FC3;&#x52C7;&#x7B49;&#x8BD1;</subfield>
  </datafield>
  <datafield tag="246" ind1=" " ind2=" ">
    <subfield code="a">&#x4E2D;&#x570B;&#x6C11;&#x9593;&#x5B97;&#x6559;&#x6559;&#x6D3E;&#x7814;&#x7A76;:</subfield>
  </datafield>
  <datafield tag="260" ind1=" " ind2=" ">
    <subfield code="a">&#x4E0A;&#x6D77;:</subfield>
    <subfield code="b">&#x4E0A;&#x6D77;&#x53E4;&#x7C4D;&#x51FA;&#x7248;&#x793E;</subfield>
    <subfield code="c">1993</subfield>
  </datafield>
  <datafield tag="300" ind1=" " ind2=" ">
    <subfield code="a">287 p.</subfield>
    <subfield code="b">&#xA0;;&#xA0;</subfield>
    <subfield code="c">20 cm.</subfield>
  </datafield>
  <datafield tag="500" ind1=" " ind2=" ">
    <subfield code="a">Translation of: China Folk Buddhist religion.</subfield>
  </datafield>
  <datafield tag="505" ind1=" " ind2=" ">
    <subfield code="a">&#x672C;&#x4E66;&#x7EB5;&#x89C2;&#x4E86;&#x4ECE;&#x6C49;&#x4EE3;&#x5230;&#x672C;&#x4E16;&#x7EAA;&#x4E0A;&#x534A;&#x53F6;&#x6C11;&#x95F4;&#x5B97;&#x6559;&#x6559;&#x6D3E;&#x7684;&#x5386;&#x53F2;&#x4EE5;&#x53CA;&#x4E0E;&#x4F5B;&#x6559;&#x5404;&#x5B97;&#x3001;&#x9053;&#x6559;&#x3001;&#x5112;&#x6559;&#x3001;&#x79D8;&#x5BC6;&#x7ED3;&#x793E;&#x3001;&#x519C;&#x6C11;&#x6218;&#x4E89;&#x7684;&#x5173;&#x7CFB;&#x3001;&#x5370;&#x5EA6;&#x6559;&#x7684;&#x5386;&#x53F2;&#x7B49;&#x3002;&#x5168;&#x4E66;&#x5171;20&#x4F59;&#x4E07;&#x5B57;&#x3002;&#x8BE5;&#x4E66;&#x7CFB;&#x7F8E;&#x7C4D;&#x52A0;&#x62FF;&#x5927;&#x5B66;&#x8005;&#x6B27;&#x5927;&#x5E74;&#x7684;&#x5B66;&#x672F;&#x4EE3;&#x8868;&#x4F5C;,1976&#x5E74;&#x7531;&#x54C8;&#x4F5B;&#x5927;&#x5B66;&#x51FA;&#x7248;&#xFF0C;&#x5F97;&#x5230;&#x4E86;&#x897F;&#x65B9;&#x5B66;&#x672F;&#x754C;&#x7684;&#x9AD8;&#x5EA6;&#x8BC4;&#x4EF7;&#x3002;&#x5168;&#x4E66;&#x5171;&#x5206;9&#x7AE0;&#x3002;</subfield>
  </datafield>
  <datafield tag="650" ind1=" " ind2=" ">
    <subfield code="a">Buddhism--China--History.</subfield>
  </datafield>
  <datafield tag="650" ind1=" " ind2=" ">
    <subfield code="a">China--Religion--History.</subfield>
  </datafield>
  <datafield tag="700" ind1=" " ind2=" ">
    <subfield code="a">&#x5218;&#x5FC3;&#x52C7;</subfield>
  </datafield>
  <datafield tag="942" ind1=" " ind2=" ">
    <subfield code="2">ddc</subfield>
    <subfield code="c">CB</subfield>
  </datafield>
  <datafield tag="952" ind1=" " ind2=" ">
    <subfield code="0">0</subfield>
    <subfield code="1">0</subfield>
    <subfield code="4">0</subfield>
    <subfield code="7">0</subfield>
    <subfield code="a">GETS</subfield>
    <subfield code="b">GETS</subfield>
    <subfield code="c">GEN</subfield>
    <subfield code="d">2020-08-12</subfield>
    <subfield code="l">0</subfield>
    <subfield code="o">BL1802 .O912 1993&#xA0;</subfield>
    <subfield code="p">00001722</subfield>
    <subfield code="r">2020-08-12 00:00:00</subfield>
    <subfield code="w">2020-08-12</subfield>
    <subfield code="y">CB</subfield>
  </datafield>
  <datafield tag="999" ind1=" " ind2=" ">
    <subfield code="c">2842</subfield>
    <subfield code="d">2842</subfield>
  </datafield>
</record>
